<?xml version="1.0" encoding="UTF-8"?>
<record
    xmlns:xsi="http://www.w3.org/2001/XMLSchema-instance"
    xsi:schemaLocation="http://www.loc.gov/MARC21/slim http://www.loc.gov/standards/marcxml/schema/MARC21slim.xsd"
    xmlns="http://www.loc.gov/MARC21/slim">

  <leader>01758    a2200217   4500</leader>
  <controlfield tag="001">22781</controlfield>
  <controlfield tag="005">20260407155517.0</controlfield>
  <controlfield tag="008">260407a1982    arg                 spa d</controlfield>
  <controlfield tag="003">AR-UNSa-BCEJYS</controlfield>
  <datafield tag="040" ind1=" " ind2=" ">
    <subfield code="a">AR-UNSa-BCEJYS</subfield>
    <subfield code="b">spa</subfield>
    <subfield code="c">AR-UNSa-BCEJYS</subfield>
  </datafield>
  <datafield tag="080" ind1=" " ind2=" ">
    <subfield code="a">657</subfield>
    <subfield code="x">Contabilidad</subfield>
  </datafield>
  <datafield tag="245" ind1="1" ind2="0">
    <subfield code="a">Principios Contables</subfield>
  </datafield>
  <datafield tag="250" ind1=" " ind2=" ">
    <subfield code="a">3a. ed</subfield>
  </datafield>
  <datafield tag="264" ind1=" " ind2="1">
    <subfield code="a">Buenos Aires :</subfield>
    <subfield code="b">El Ateneo</subfield>
    <subfield code="c">1982</subfield>
  </datafield>
  <datafield tag="300" ind1=" " ind2=" ">
    <subfield code="a">553 p.</subfield>
    <subfield code="c">21 cm.</subfield>
  </datafield>
  <datafield tag="505" ind1=" " ind2=" ">
    <subfield code="a">Parte I: Contabilidad patrimonial :1. &#xCD;ndole y objeto de la contabilidad - 2. Conceptos de contabilidad : el balance general - 3. Conceptos contable b&#xE1;sicos: el estado de resultado - 4. Registros y sistemas contables - 5. Ingresos y activos monetarios - 6. Costo de la mercader&#xED;a vendidas e inventarios - 7. Bienes de uso y amortizaci&#xF3;n - 8. Otros gastos y ganancia netas - 9. Pasivo y patrimonio neto - 10. Adquisiciones de derechos de propiedad y estados consolidados - 11. Estados de flujo de caja y de flujo de fondos - 12. An&#xE1;lisis de estados contables - 13. Comprensi&#xF3;n de los estados contables - Parte II: Contabilidad gerencial: 14. La naturaleza de la contabilidad gerencial - 15. Fundamentes esenciales de la contabilidad de costo total - 16. Aspectos adicionales de la contabilidad de costos totales - 17. An&#xE1;lisis de las variaciones en producci&#xF3;n - 18. Contabilidad diferencial: el comportamiento de los costos - 19. Decisiones alternativas - 20. Decisiones en inversiones de capital - 21. Contabilidad de responsabilidades: estructura y proceso del control administrativo - 22. Programaci&#xF3;n y preparaci&#xF3;n del presupuesto - 23. An&#xE1;lisis e informaci&#xF3;n del desempe&#xF1;o - Ap&#xE9;ndice.</subfield>
  </datafield>
  <datafield tag="942" ind1=" " ind2=" ">
    <subfield code="c">BK</subfield>
  </datafield>
  <datafield tag="590" ind1=" " ind2=" ">
    <subfield code="a">niveau_biblio:m niveau_hierar:0</subfield>
  </datafield>
  <datafield tag="100" ind1="1" ind2=" ">
    <subfield code="a">Anthony, Robert N.</subfield>
  </datafield>
  <datafield tag="700" ind1="1" ind2=" ">
    <subfield code="a">Reece, James S.</subfield>
  </datafield>
  <datafield tag="999" ind1=" " ind2=" ">
    <subfield code="c">1055</subfield>
    <subfield code="d">1055</subfield>
  </datafield>
  <datafield tag="952" ind1=" " ind2=" ">
    <subfield code="0">0</subfield>
    <subfield code="1">0</subfield>
    <subfield code="4">0</subfield>
    <subfield code="7">0</subfield>
    <subfield code="a">BCEJYS</subfield>
    <subfield code="b">BCEJYS</subfield>
    <subfield code="c">16</subfield>
    <subfield code="d">2026-04-07</subfield>
    <subfield code="l">0</subfield>
    <subfield code="o">657 A628p</subfield>
    <subfield code="p">L33860</subfield>
    <subfield code="r">2026-04-07 15:55:17</subfield>
    <subfield code="w">2026-04-07</subfield>
    <subfield code="y">L</subfield>
  </datafield>
  <datafield tag="952" ind1=" " ind2=" ">
    <subfield code="0">0</subfield>
    <subfield code="1">0</subfield>
    <subfield code="4">0</subfield>
    <subfield code="7">0</subfield>
    <subfield code="a">BCEJYS</subfield>
    <subfield code="b">BCEJYS</subfield>
    <subfield code="c">16</subfield>
    <subfield code="d">2026-04-07</subfield>
    <subfield code="l">0</subfield>
    <subfield code="o">657 A628p</subfield>
    <subfield code="p">L33929</subfield>
    <subfield code="r">2026-04-07 15:55:17</subfield>
    <subfield code="w">2026-04-07</subfield>
    <subfield code="y">L</subfield>
  </datafield>
  <datafield tag="952" ind1=" " ind2=" ">
    <subfield code="0">0</subfield>
    <subfield code="1">0</subfield>
    <subfield code="4">0</subfield>
    <subfield code="7">0</subfield>
    <subfield code="a">BCEJYS</subfield>
    <subfield code="b">BCEJYS</subfield>
    <subfield code="c">16</subfield>
    <subfield code="d">2026-04-07</subfield>
    <subfield code="l">0</subfield>
    <subfield code="o">657 A628p</subfield>
    <subfield code="p">L33930</subfield>
    <subfield code="r">2026-04-07 15:55:17</subfield>
    <subfield code="w">2026-04-07</subfield>
    <subfield code="y">L</subfield>
  </datafield>
</record>
